000 00394nam a22001577a 4500
005 20180327155034.0
008 160519b xxu||||| |||| 00| 0 eng d
041 _aeng
082 _b3160
_a338.7
100 _aCherunilam , Francis
_9393
245 _aBusiness Environment
260 _aNew Delhi
_bHimalaya Publishing House,
_c2003
300 _a708
650 _aManagement
_9241
942 _cBK
999 _c1089
_d1089